Normal view
MARC view
- Montgomery, Douglas C Peck, Elizabeth . A Vining, G.Geoffrey
Entry Personal Name
001 - CONTROL NUMBER
- control field: 61822
003 - CONTROL NUMBER IDENTIFIER
- control field: NUST
005 - DATE AND TIME OF LATEST TRANSACTION
- control field: 20210628202827.0
008 - FIXED-LENGTH DATA ELEMENTS
- fixed length control field: 210628|| aca||aabn | a|a d
040 ## - CATALOGING SOURCE
- Original cataloging agency: NUST
- Transcribing agency: NUST
100 ## - HEADING--PERSONAL NAME
- Personal name: Montgomery, Douglas C Peck, Elizabeth . A Vining, G.Geoffrey
670 ## - SOURCE DATA FOUND
- Source citation: Work cat.: (NUST): Montgomery, Douglas C Peck, Elizabeth . A Vining, G.Geoffrey, Introduction to linear regression analysis, 2003
